Diseño de un modelo para el desarrollo de servicios logísticos en el Programa Integral de Mercadeo Agropecuario (PIMA)
Guardado en:
| Hovedforfatter: | |
|---|---|
| Andre forfattere: | , |
| Format: | Bog |
| Udgivet: |
[San José, Costa Rica]
2008
|
| Fag: | |
| Tags: |
Tilføj Tag
Ingen Tags, Vær først til at tagge denne postø!
|
MARC
| LEADER | 00000nam a2200000Ia 4500 | ||
|---|---|---|---|
| 003 | 001037 | ||
| 005 | 20221231144103.0 | ||
| 008 | 140114s2008 cr a 000 ||s d | ||
| 040 | |c cru CEDI | ||
| 090 | |a TFG 5565 | ||
| 100 | |a González Víquez, Marcos |9 4560 | ||
| 245 | |a Diseño de un modelo para el desarrollo de servicios logísticos en el Programa Integral de Mercadeo Agropecuario (PIMA) | ||
| 260 | |c 2008 |b [San José, Costa Rica] | ||
| 300 | |a 188, [71] hojas; ilustraciones a color | ||
| 500 | |a Proyecto de graduación (licenciatura en ingeniería industrial)--Universidad de Costa Rica. Facultad de Ingeniería. Escuela de Ingeniería Industrial | ||
| 650 | |x LOGISTICA EN LOS NEGOCIOS |x PROGRAMA INTEGRAL DE MERCADEO AGROPECUARIO (COSTA RICA) |x ADMINISTRACION |x COMPETITIVIDAD |x SERVICIO AL CLIENTE |x PLANIFICACION ESTRATEGICA |9 4563 | ||
| 700 | |9 4561 |a León Hip, Meylin | ||
| 700 | |9 4562 |a Pizarro Aguilar, Melissa | ||
| 942 | |c TFG | ||
| 999 | |c 16696 |d 16696 | ||
